<?xml version="1.0" encoding="UTF-8"?>
<record
    xmlns:xsi="http://www.w3.org/2001/XMLSchema-instance"
    xsi:schemaLocation="http://www.loc.gov/MARC21/slim http://www.loc.gov/standards/marcxml/schema/MARC21slim.xsd"
    xmlns="http://www.loc.gov/MARC21/slim">

  <leader>01455nam a2200325   4500</leader>
  <controlfield tag="003">EG-GICUC</controlfield>
  <controlfield tag="005">20260416115902.0</controlfield>
  <controlfield tag="008">260414s1983    ua ||||frw||| 000 0 ara d</controlfield>
  <datafield tag="040" ind1=" " ind2=" ">
    <subfield code="a"> EG-GICUC</subfield>
    <subfield code="b">ara</subfield>
    <subfield code="c"> EG-GICUC</subfield>
    <subfield code="d"> EG-GICUC</subfield>
    <subfield code="e">rda</subfield>
  </datafield>
  <datafield tag="041" ind1="0" ind2=" ">
    <subfield code="a">ara</subfield>
  </datafield>
  <datafield tag="082" ind1="0" ind2="4">
    <subfield code="2">21</subfield>
    <subfield code="a">343.1</subfield>
    <subfield code="b">&#x646; &#x642; . &#x642;</subfield>
  </datafield>
  <datafield tag="092" ind1="0" ind2="4">
    <subfield code="2">21</subfield>
  </datafield>
  <datafield tag="099" ind1=" " ind2=" ">
    <subfield code="a">Law1 10 343.1 &#x646; &#x642; . &#x642;</subfield>
  </datafield>
  <datafield tag="110" ind1="1" ind2=" ">
    <subfield code="a">&#x645;&#x635;&#x631;. </subfield>
    <subfield code="b">&#x646;&#x642;&#x627;&#x628;&#x629; &#x627;&#x644;&#x645;&#x62D;&#x627;&#x645;&#x64A;&#x64A;&#x646;.</subfield>
  </datafield>
  <datafield tag="245" ind1="1" ind2="0">
    <subfield code="a">&#x642;&#x627;&#x646;&#x648;&#x646; &#x627;&#x644;&#x639;&#x642;&#x648;&#x628;&#x627;&#x62A; : </subfield>
    <subfield code="b">&#x648;&#x641;&#x642;&#x627; &#x644;&#x644;&#x62A;&#x639;&#x62F;&#x64A;&#x644;&#x627;&#x62A; &#x627;&#x644;&#x62A;&#x649; &#x623;&#x62F;&#x62E;&#x644;&#x62A; &#x639;&#x644;&#x64A;&#x647; &#x62D;&#x62A;&#x64A; &#x623;&#x628;&#x631;&#x64A;&#x644; 1982 &#x648;&#x627;&#x644;&#x62A;&#x634;&#x631;&#x64A;&#x639;&#x627;&#x62A; &#x627;&#x644;&#x645;&#x643;&#x645;&#x644;&#x629; / </subfield>
    <subfield code="c">&#x646;&#x642;&#x627;&#x628;&#x629; &#x627;&#x644;&#x645;&#x62D;&#x627;&#x645;&#x64A;&#x64A;&#x646;.</subfield>
  </datafield>
  <datafield tag="264" ind1=" " ind2="1">
    <subfield code="a">&#x627;&#x644;&#x642;&#x627;&#x647;&#x631;&#x629; : </subfield>
    <subfield code="b">&#x62F;&#x627;&#x631; &#x627;&#x644;&#x637;&#x628;&#x627;&#x639;&#x629; &#x627;&#x644;&#x62D;&#x62F;&#x64A;&#x62B;&#x629;&#x60C; </subfield>
    <subfield code="c">1983.</subfield>
  </datafield>
  <datafield tag="300" ind1=" " ind2=" ">
    <subfield code="a">231 &#x635;&#x641;&#x62D;&#x629;&#x60C; &#x635;&#x641;&#x62D;&#x627;&#x62A; &#x63A;&#x64A;&#x631; &#x645;&#x631;&#x642;&#x645;&#x629; &#x61B; </subfield>
    <subfield code="c">22 &#x633;&#x645;.</subfield>
  </datafield>
  <datafield tag="336" ind1=" " ind2=" ">
    <subfield code="2">rda content</subfield>
    <subfield code="a">text</subfield>
  </datafield>
  <datafield tag="337" ind1=" " ind2=" ">
    <subfield code="2">rda media</subfield>
    <subfield code="a">Computer</subfield>
  </datafield>
  <datafield tag="338" ind1=" " ind2=" ">
    <subfield code="2">rda carrier</subfield>
    <subfield code="a">Online Resource</subfield>
  </datafield>
  <datafield tag="504" ind1=" " ind2=" ">
    <subfield code="a">&#x64A;&#x634;&#x62A;&#x645;&#x644; &#x639;&#x644;&#x649; &#x625;&#x631;&#x62C;&#x627;&#x639;&#x627;&#x62A; &#x628;&#x628;&#x644;&#x64A;&#x648;&#x62C;&#x631;&#x627;&#x641;&#x64A;&#x629;.</subfield>
  </datafield>
  <datafield tag="505" ind1=" " ind2=" ">
    <subfield code="a">&#x64A;&#x634;&#x62A;&#x645;&#x644; &#x647;&#x630;&#x627; &#x627;&#x644;&#x645;&#x644;&#x62D;&#x642; &#x639;&#x644;&#x649; &#x627;&#x644;&#x642;&#x648;&#x627;&#x646;&#x64A;&#x646; &#x627;&#x644;&#x622;&#x62A;&#x64A;&#x647; : 
&#x627;&#x644;&#x639;&#x642;&#x648;&#x628;&#x627;&#x62A; &#x648;&#x62A;&#x639;&#x62F;&#x64A;&#x644;&#x627;&#x62A;&#x647;. 
&#x636;&#x645;&#x627;&#x646; &#x62D;&#x631;&#x64A;&#x629; &#x627;&#x644;&#x645;&#x648;&#x627;&#x637;&#x646;&#x64A;&#x646;.
&#x627;&#x644;&#x648;&#x62D;&#x62F;&#x629; &#x627;&#x644;&#x648;&#x637;&#x646;&#x64A;&#x629;.
&#x62D;&#x645;&#x627;&#x64A;&#x629; &#x627;&#x644;&#x62C;&#x628;&#x647;&#x629; &#x627;&#x644;&#x62F;&#x627;&#x62E;&#x644;&#x64A;&#x629;.
&#x627;&#x644;&#x623;&#x62D;&#x62F;&#x627;&#x62B;.</subfield>
  </datafield>
  <datafield tag="546" ind1=" " ind2=" ">
    <subfield code="a">&#x627;&#x644;&#x646;&#x635; &#x628;&#x627;&#x644;&#x644;&#x63A;&#x629; &#x627;&#x644;&#x639;&#x631;&#x628;&#x64A;&#x629;</subfield>
  </datafield>
  <datafield tag="650" ind1="1" ind2=" ">
    <subfield code="a">&#x642;&#x627;&#x646;&#x648;&#x646; &#x627;&#x644;&#x639;&#x642;&#x648;&#x628;&#x627;&#x62A;.</subfield>
    <subfield code="2">qrmak</subfield>
  </datafield>
  <datafield tag="651" ind1="1" ind2=" ">
    <subfield code="2">qrmak</subfield>
  </datafield>
  <datafield tag="856" ind1="4" ind2="0">
    <subfield code="u">https://fll.law.cu.edu.eg/fulltext/bks/B10-09252.pdf</subfield>
  </datafield>
  <datafield tag="905" ind1=" " ind2=" ">
    <subfield code="a">62</subfield>
  </datafield>
  <datafield tag="905" ind1=" " ind2=" ">
    <subfield code="a">164</subfield>
  </datafield>
  <datafield tag="942" ind1=" " ind2=" ">
    <subfield code="2">ddc</subfield>
    <subfield code="n">0</subfield>
    <subfield code="c">BK</subfield>
    <subfield code="e">21</subfield>
  </datafield>
  <datafield tag="999" ind1=" " ind2=" ">
    <subfield code="c">70969</subfield>
    <subfield code="d">70969</subfield>
  </datafield>
  <datafield tag="952" ind1=" " ind2=" ">
    <subfield code="0">0</subfield>
    <subfield code="1">0</subfield>
    <subfield code="2">ddc</subfield>
    <subfield code="4">0</subfield>
    <subfield code="7">1</subfield>
    <subfield code="8">&#x627;&#x644;&#x642;&#x627;&#x646;&#x648;&#x646; &#x627;&#x644;&#x62C;&#x646;&#x627;&#x626;&#x64A;</subfield>
    <subfield code="a">CU</subfield>
    <subfield code="b">LAW1</subfield>
    <subfield code="d">2026-04-14</subfield>
    <subfield code="l">0</subfield>
    <subfield code="o">Law1 10 343.1 &#x646; &#x642; . &#x642; 1983 1009252 C1</subfield>
    <subfield code="p">B10-09252</subfield>
    <subfield code="r">2026-04-14 17:33:00</subfield>
    <subfield code="t">1</subfield>
    <subfield code="w">2026-04-14</subfield>
    <subfield code="y">BK</subfield>
  </datafield>
  <datafield tag="952" ind1=" " ind2=" ">
    <subfield code="0">0</subfield>
    <subfield code="1">0</subfield>
    <subfield code="2">ddc</subfield>
    <subfield code="4">0</subfield>
    <subfield code="7">0</subfield>
    <subfield code="8">&#x627;&#x644;&#x642;&#x627;&#x646;&#x648;&#x646; &#x627;&#x644;&#x62C;&#x646;&#x627;&#x626;&#x64A;</subfield>
    <subfield code="a">CU</subfield>
    <subfield code="b">LAW1</subfield>
    <subfield code="d">2026-04-16</subfield>
    <subfield code="l">0</subfield>
    <subfield code="o">Law1 10 343.1 &#x646; &#x642; . &#x642; 1983 1009867C2</subfield>
    <subfield code="p">B10-09867</subfield>
    <subfield code="r">2026-04-16 12:00:38</subfield>
    <subfield code="t">2</subfield>
    <subfield code="w">2026-04-16</subfield>
    <subfield code="y">BK</subfield>
  </datafield>
  <datafield tag="952" ind1=" " ind2=" ">
    <subfield code="0">0</subfield>
    <subfield code="1">0</subfield>
    <subfield code="2">ddc</subfield>
    <subfield code="4">0</subfield>
    <subfield code="7">0</subfield>
    <subfield code="a">CU</subfield>
    <subfield code="b">LAW1</subfield>
    <subfield code="d">2026-04-19</subfield>
    <subfield code="l">0</subfield>
    <subfield code="o">Law1 10 343.1 &#x646; &#x642; . &#x642; 1983 1009857 C3</subfield>
    <subfield code="p">B10-09857</subfield>
    <subfield code="r">2026-04-19 08:26:11</subfield>
    <subfield code="t">3</subfield>
    <subfield code="w">2026-04-19</subfield>
    <subfield code="y">BK</subfield>
  </datafield>
</record>
